Le théâtre s’inquiète (notice n° 1595530)

détails MARC
000 -LEADER
fixed length control field 01352cam a2200289 4500500
005 - DATE AND TIME OF LATEST TRANSACTION
control field 20251228073624.0
041 ## - LANGUAGE CODE
Language code of text/sound track or separate title fre
042 ## - AUTHENTICATION CODE
Authentication code dc
100 10 - MAIN ENTRY--PERSONAL NAME
Personal name Scott, Diane
Relator term author
245 00 - TITLE STATEMENT
Title Le théâtre s’inquiète
260 ## - PUBLICATION, DISTRIBUTION, ETC.
Date of publication, distribution, etc. 2017.<br/>
500 ## - GENERAL NOTE
General note 22
520 ## - SUMMARY, ETC.
Summary, etc. Le souci de tenir une fonction politique conduit le théâtre français à aborder la question de l’extrême droite aujourd’hui, dans les années 2010. Un spectacle à partir de la figure de Fassbinder construit un diagnostic politique et un dispositif de parole dont on verra qu’ils ne sont pas sans contradictions.
520 ## - SUMMARY, ETC.
Summary, etc. With a view of playing a political function, French theatre tackles the issue of contemporary extreme-right. A show inspired by the figure of Fassbinder builds up a political diagnosis and a speech system which are far from being without contradictions.
690 ## - LOCAL SUBJECT ADDED ENTRY--TOPICAL TERM (OCLC, RLIN)
Topical term or geographic name as entry element analyse de l’idéologie
690 ## - LOCAL SUBJECT ADDED ENTRY--TOPICAL TERM (OCLC, RLIN)
Topical term or geographic name as entry element extrême droite
690 ## - LOCAL SUBJECT ADDED ENTRY--TOPICAL TERM (OCLC, RLIN)
Topical term or geographic name as entry element Fassbinder
690 ## - LOCAL SUBJECT ADDED ENTRY--TOPICAL TERM (OCLC, RLIN)
Topical term or geographic name as entry element politique
690 ## - LOCAL SUBJECT ADDED ENTRY--TOPICAL TERM (OCLC, RLIN)
Topical term or geographic name as entry element Théâtre
690 ## - LOCAL SUBJECT ADDED ENTRY--TOPICAL TERM (OCLC, RLIN)
Topical term or geographic name as entry element extreme right
690 ## - LOCAL SUBJECT ADDED ENTRY--TOPICAL TERM (OCLC, RLIN)
Topical term or geographic name as entry element Fassbinder
690 ## - LOCAL SUBJECT ADDED ENTRY--TOPICAL TERM (OCLC, RLIN)
Topical term or geographic name as entry element ideological analysis
690 ## - LOCAL SUBJECT ADDED ENTRY--TOPICAL TERM (OCLC, RLIN)
Topical term or geographic name as entry element politics
690 ## - LOCAL SUBJECT ADDED ENTRY--TOPICAL TERM (OCLC, RLIN)
Topical term or geographic name as entry element Theater
786 0# - DATA SOURCE ENTRY
Note Savoirs et clinique | 23 | 2 | 2017-09-19 | p. 44-54 | 1634-3298
856 41 - ELECTRONIC LOCATION AND ACCESS
Uniform Resource Identifier <a href="https://shs.cairn.info/revue-savoirs-et-cliniques-2017-2-page-44?lang=fr&redirect-ssocas=7080">https://shs.cairn.info/revue-savoirs-et-cliniques-2017-2-page-44?lang=fr&redirect-ssocas=7080</a>

Pas d'exemplaire disponible.

PLUDOC

PLUDOC est la plateforme unique et centralisée de gestion des bibliothèques physiques et numériques de Guinée administré par le CEDUST. Elle est la plus grande base de données de ressources documentaires pour les Étudiants, Enseignants chercheurs et Chercheurs de Guinée.

Adresse

627 919 101/664 919 101

25 boulevard du commerce
Kaloum, Conakry, Guinée

Réseaux sociaux

Powered by Netsen Group @ 2025